Protein metabolism and nutrition : proceedings of the 6th International Symposium on Protein Metabolism and Nutrition, Herning, Denmark, 9-14 June, 1991 /

Gardado en:
Detalles Bibliográficos
Corporate Authors: International Symposium on Protein Metabolism and Nutrition Herning, Denmark, European Association for Animal Production
Outros autores: Eggum, Bjørn O.
Formato: Conference Proceeding Libro
Idioma:English
Publicado: Tjele, Denmark : National Institute of Animal Science, Research Center Foulum, 1991.
Series:Publication (European Association for Animal Production) ; no. 59.
Subjects:
LEADER 01587nam a2200313 a 4500
001 c000187838
003 CARM
005 19920909000000.0
008 920910s1991 dk 000 0 eng d
019 1 |a 9267032  |5 LACONCORD2021 
020 |a 8789640012 
035 |a (OCoLC)30468451  |5 LACONCORD2021 
040 |a NU  |b eng  |c NU 
111 2 |a International Symposium on Protein Metabolism and Nutrition  |n (6th :,  |d 1991 :  |c Herning, Denmark) 
245 1 0 |a Protein metabolism and nutrition :  |b proceedings of the 6th International Symposium on Protein Metabolism and Nutrition, Herning, Denmark, 9-14 June, 1991 /  |c editors, Bjørn O. Eggum ... [et al.]. 
260 |a Tjele, Denmark :  |b National Institute of Animal Science, Research Center Foulum,  |c 1991. 
300 |a 2 v. :  |b ill. 
490 1 |a EAAP - Publication ;  |v no. 59. 
505 0 |a v. 1. Main reports. -- v. 2. Short communications. 
650 0 |a Proteins in animal nutrition  |x Congresses. 
650 0 |a Amino acids in animal nutrition  |x Congresses. 
700 1 |a Eggum, Bjørn O. 
710 2 |a European Association for Animal Production. 
830 0 |a Publication (European Association for Animal Production) ;  |v no. 59. 
852 8 |b CARM  |h A2:AP22G0  |i C07270  |p 0252212  |f BK 
852 8 |b CARM  |h A2:AP22G0  |i C07270  |p 0252213  |f BK 
999 f f |i 5ef016cb-e3cf-5adc-b8df-e28492a1ad57  |s 1fa47873-3f94-54cf-8d9f-b2ba9c219888 
952 f f |p Can circulate  |a CAVAL  |b CAVAL  |c CAVAL  |d CARM 1 Store  |e C07270  |f A2:AP22G0  |h Other scheme  |i book  |j v.1  |m 0252212 
952 f f |p Can circulate  |a CAVAL  |b CAVAL  |c CAVAL  |d CARM 1 Store  |e C07270  |f A2:AP22G0  |h Other scheme  |i book  |j v.2  |m 0252213